Statistiken für Weltführer #5

Klicken Sie hier um das Quiz zu spielen!

Allgemein

  • Dieses Quiz wurde 95 mal gespielt
  • Das Durchschnittsergebnis liegt bei 9 aus 14

Antwortstatistiken

Führer von...Land% Korrekt
Angela MerkelDeutschland
99%
Kim Jong-ilNordkorea
97%
Franklin D. RooseveltVereinigte Staaten
93%
Giuseppe GaribaldiItalien
88%
Nikolaus IIRussland
85%
Harald IVNorwegen
83%
Georges PompidouFrankreich
81%
Nguyễn Minh TriếtVietnam
66%
Cristina Fernández de KirchnerArgentinien
65%
Benazir BhuttoPakistan
44%
Carl Gustaf MannerheimFinnland
31%
Corazon AquinoPhilippinen
29%
Alpha Oumar KonaréMali
3%
Samora MachelMosambik
3%

Verteilung der Resultate

Perzentil nach korrekt beantworteten Fragen

Anzahl Personen mit jedem Resultat

Ihre Resultats-Entwicklung

Sie haben dieses Quiz noch nicht gespielt